Teoría y práctica del movimiento obrero en España (1900-1936) / (Record no. 105389)

MARC details
000 -LEADER
campo de control de longitud fija 00900nam a22002531 4500
001 - NÚMERO DE CONTROL
campo de control 105389
003 - IDENTIFICADOR DE NÚMERO DE CONTROL
campo de control ES-MaACL
005 - FECHA Y HORA DE LA ÚLTIMA TRANSACCIÓN
campo de control 20240227093515.0
007 - CAMPO FIJO DE DESCRIPCIÓN FÍSICA--INFORMACIÓN GENERAL
campo de control de longitud fija t|
008 - DATOS DE LONGITUD FIJA--INFORMACIÓN GENERAL
campo de control de longitud fija 060704s1977 sp ||||0| spa d
020 ## - NÚMERO INTERNACIONAL ESTÁNDAR DEL LIBRO
Número Internacional Estándar del Libro 84-7366-088-9
080 ## - NÚMERO DE LA CLASIFICACIÓN DECIMAL UNIVERSAL
Número de la Clasificación Decimal Universal 327.32(46)"1902/36"
245 00 - MENCIÓN DEL TÍTULO
Título Teoría y práctica del movimiento obrero en España (1900-1936) /
Mención de responsabilidad, etc. Manuel Tuñón de Lara ... [et al.] ; ed. a cargo de Albert Balcells.
260 ## - PUBLICACIÓN, DISTRIBUCIÓN, ETC.
Lugar de publicación, distribución, etc. Valencia :
Nombre del editor, distribuidor, etc. Fernando Torres,
Fecha de publicación, distribución, etc. [1977]
300 ## - DESCRIPCIÓN FÍSICA
Extensión 329 p. ;
Dimensiones 22 cm.
490 1# - MENCIÓN DE SERIE
Mención de serie Interdisciplinar 2 ;
Designación de volumen o secuencia 49
504 ## - NOTA DE BIBLIOGRAFÍA, ETC.
Nota de bibliografía, etc. Referencias bibliográficas.
650 14 - PUNTO DE ACCESO ADICIONAL DE MATERIA--TÉRMINO DE MATERIA
Término de materia o nombre geográfico como elemento de entrada Movimiento obrero-
Subdivisión geográfica España-
Subdivisión de forma Historia.
9 (RLIN) 15214
700 0# - ENTRADA AGREGADA--NOMBRE PERSONAL
Nombre de persona Tuñón de Lara, Manuel,
Fechas asociadas al nombre 1915-1997
9 (RLIN) 111681
700 1# - ENTRADA AGREGADA--NOMBRE PERSONAL
Nombre de persona Balcells, Albert.
9 (RLIN) 24860
830 1# - PUNTO DE ACCESO ADICIONAL DE SERIE-TÍTULO UNIFORME
Título uniforme Interdisciplinar 2 ;
Designación de volumen o secuencia 49
9 (RLIN) 185018
852 ## - LOCALIZACIÓN
Ubicación ES-MaACL
Número de control de estantería AND-185
Nota libre - Biblioteca Juan Andrade.
Holdings
Estatus retirado Estado de pérdida Estado de daño No para préstamo Biblioteca de origen Biblioteca actual Ubicación en estantería Fecha de adquisición Fuente de adquisición Total de préstamos Signatura topográfica completa Código de barras Visto por última vez Precio de reemplazo Tipo de ítem Koha
        Biblioteca del Ateneo de Madrid Biblioteca del Ateneo de Madrid Depósito 2 17/01/2008     AND-185 1110020 23/02/2023 23/02/2023 Libro impreso